00431 2200181 4500001002100000005001500021008004100036035001900077041000700096082001000103090001600113100001800129245003200147260001900179300002500198500001000223650001600233INLIS00000000000095420241224112247241224||||||||| | ||| |||| || |  0010-1224000954 aid0 a369.4 a369.4 SUL p0 aIdik Sulaiman00aPERKEMAHAN REGU dan PASUKAN bAKU SUKAc2007 a88 hlm.:ilus.;20 cm. acet.3 0aIlmu Sosial